000 00491nam a2200193Ia 4500
008 220531s9999 xx 000 0 und d
041 _aeng
082 _bSOC / MEH
100 _aMehta, Rani
_985289
245 _aSociology And Environmental Sustainability
250 _a1ST
260 _aJaipur
_bRawat
_c2014
300 _a222
542 _d15-03-2017
551 _aSociology
_bNon-grant-SCO
650 _aSociology
_985290
906 _d2017-2018
_f10429
999 _c46889
_d46889